Ciudadanía y educación ¿Utopía o realidad?
Saved in:
| Hovedforfatter: | |
|---|---|
| Andre forfattere: | , |
| Format: | Bog |
| Udgivet: |
Valparaíso, Chile:
Ediciones Universitarias de Valparaíso,
2024.
|
| Fag: | |
| Tags: |
Tilføj Tag
Ingen Tags, Vær først til at tagge denne postø!
|
MARC
| LEADER | 00000nam a22000007a 4500 | ||
|---|---|---|---|
| 003 | CL-VaPUC | ||
| 005 | 20250116170317.0 | ||
| 008 | 240513t2024 ||||| |||| 00| 0 eng d | ||
| 999 | |c 443734 |d 443732 | ||
| 020 | |a 978-956-17-1116-7 | ||
| 040 | |c Pontificia Universidad Católica de Valparaíso | ||
| 082 | |2 22 |a 370.115 RED 2024 | ||
| 100 | |a Redon Pantoja, Silvia María |e editora |9 888908 | ||
| 245 | |a Ciudadanía y educación ¿Utopía o realidad? | ||
| 260 | |a Valparaíso, Chile: |b Ediciones Universitarias de Valparaíso, |c 2024. | ||
| 300 | |a 175 páginas. | ||
| 500 | |a c.1-c.3.Donación Profesora Silvia Redon P. MEMO EDU / 8-5-2024 | ||
| 583 | |c 20240513 |k GC | ||
| 650 | 0 | |9 258339 |a Ciudadanía |x Análisis conceptual |x Aspectos culturales, económicos, políticos, sociales | |
| 650 | 0 | |a Educación pública |x Democracia e inclusión |x Enseñanza prescolar y básica |9 309676 | |
| 700 | |a Belaustegui Irribarra, Camila |e editora |9 888909 | ||
| 700 | |a Vallejos Silva, Natalia |e editora |9 888910 | ||
| 942 | |2 ddc |c BK | ||
| 952 | |0 0 |1 0 |2 ddc |4 0 |6 370_115000000000000_RED_2024 |7 0 |8 A |9 594583 |a BIBEDU |b BIBEDU |d 2024-05-13 |e Donación |i 5661363 |o 370.115 RED 2024 |p 5661363 |r 2024-05-13 |t 1 |w 2024-05-13 |y BK |k EPE | ||
| 952 | |0 0 |1 0 |2 ddc |4 0 |6 370_115000000000000_RED_2024 |7 0 |8 A |9 594584 |a BIBEDU |b BIBEDU |d 2024-05-13 |e Donación |i 5661364 |o 370.115 RED 2024 |p 5661364 |r 2024-05-13 |t 2 |w 2024-05-13 |y BK |k EPE | ||
| 952 | |0 0 |1 0 |2 ddc |4 0 |6 370_115000000000000_RED_2024 |7 0 |8 A |9 594585 |a BIBHIS |b BIBHIS |d 2024-05-13 |e Donación |i 5661365 |l 2 |m 1 |o 370.115 RED 2024 |p 5661365 |r 2024-10-09 |s 2024-10-02 |t 3 |w 2024-05-13 |y BK |k HIS | ||